Normal view
MARC view
- David A Lombardo
Entry Personal Name
001 - CONTROL NUMBER
- control field: 9129
003 - CONTROL NUMBER IDENTIFIER
- control field: NUST
005 - DATE AND TIME OF LATEST TRANSACTION
- control field: 20180119191138.0
008 - FIXED-LENGTH DATA ELEMENTS
- fixed length control field: 180119|| aca||aabn | a|a d
040 ## - CATALOGING SOURCE
- Original cataloging agency: NUST
- Transcribing agency: NUST
100 ## - HEADING--PERSONAL NAME
- Personal name: David A Lombardo
670 ## - SOURCE DATA FOUND
- Source citation: Work cat.: (NUST)316539: David A Lombardo, Aircraft Systems 2nd/Ed, 2009
